000 00586pam a2200217 i 4500
001 1808658
005 20171211054151.0
008 790518s1980 caua b 001 0 eng
010 _a 79015139
020 _a0534006981
040 _aDLC
_cDLC
_dDLC
041 _aeng
080 _a37 SWE
082 0 0 _a153.15
100 1 _a46
101 _aEDU
245 1 0 _aTheories of learning :
_cLeland C. Swenson.
504 _aBibliography: p. [430]-454.
906 _a7
_bcbc
_corignew
_d1
_eocip
_f19
_gy-gencatlg
942 _2ddc
_cBK
999 _c38858
_d38858